000 00540nam a2200181Ia 4500
008 090201s9999 xx 000 0 und d
010 _aKPL-66831
040 _bमराठी
041 _aमराठी
082 _a113
_b66831
100 _aअशोक कोतवाल
245 _aमौनातील पडझड
_cअशोक कोतवाल
250 _a1
260 _c2001
_bग्रंथाली प्रकाशन
300 _a107
600 _aमौनातील पडझड
942 _cBOOK
999 _c201282
_d201282